De la Umma : el islam, la política y el terrorismo en el sudeste asiático /
Αποθηκεύτηκε σε:
| Κύριος συγγραφέας: | |
|---|---|
| Μορφή: | Βιβλίο |
| Γλώσσα: | Ισπανικά |
| Σειρά: | (Escenarios ;
8) |
| Θέματα: | |
| Ετικέτες: |
Δεν υπάρχουν, Καταχωρήστε ετικέτα πρώτοι!
|
MARC
| LEADER | 00000nam^a2200000^a^4500 | ||
|---|---|---|---|
| 001 | 000183893 | ||
| 005 | 20250521000000.0 | ||
| 009 | 20260310102054.978 | ||
| 020 | |a 970-727019-5 | ||
| 037 | |a Acervo ITESO - Biblioteca | ||
| 041 | |a ESP | ||
| 082 | |a 320. 959 |b RAM | ||
| 100 | |a Ramírez Bonilla, Juan José |e (autor) | ||
| 245 | 1 | 0 | |a De la Umma : |b el islam, la política y el terrorismo en el sudeste asiático / |c J.J. Ramírez Bonilla. |
| 264 | |a México : |b El Colegio de México, Centro de Estudios de Asia y Africa : |b Congreso de la Unión, Cámara de Senadores, LVIII Legislatura, |c 2003 | ||
| 300 | |a 216 p. | ||
| 336 | |a texto |b txt |2 rdacontenido | ||
| 337 | |a sin mediación |b n |2 rdamedio | ||
| 338 | |a volumen |b nc |2 rdasoporte | ||
| 440 | 1 | |a (Escenarios ; |v 8) | |
| 649 | |a XX | ||
| 650 | |a Terrorismo | ||
| 650 | |a Islamismo - |z Malasia | ||
| 650 | |a Islamismo - |z Filipinas | ||
| 650 | |a Islamismo - |z Indonesia | ||
| 650 | |a Fundamentalismo Religioso | ||
| 650 | |a Violencia Política | ||
| 650 | |a Geopolítica | ||
| 650 | |a Seguridad Internacional | ||
| 650 | |a Relaciones Internacionales - |z Asia Sudoriental-EUA | ||
| 650 | |a Política Exterior - |z EUA - |x Historia | ||
| 650 | |a Política - |z EUA - |x Historia - |y 11 de Septiembre de 2001 | ||
| 650 | |a Política - |z EUA - |x Historia - |y 2001-2009 | ||
| 650 | |a Política - |z EUA - |x Historia - |y Siglo XXI | ||
| 650 | |a Política - |z Asia Sudoriental - |x Historia - |y 2000-2010 | ||
| 650 | |a Política - |z Asia Sudoriental - |x Historia - |y Siglo XXI | ||
| 650 | |a Política Internacional | ||
| 650 | |a Asia Sudoriental - |x Historia - |y 2000-2010 | ||
| 650 | |a Asia Sudoriental - |x Historia - |y Siglo XXI | ||
| 650 | |a EUA - |x Historia - |y 2001-2009 | ||
| 650 | |a EUA - |x Historia - |y Siglo XXI | ||
| 910 | |a Fondo General | ||
| 920 | |a Impresos - Libros | ||
| 930 | |a Colección General | ||
| 905 | |a 101 | ||
| 901 | |a 0500124597 |b IT1 |c ACC |u 20250521 | ||
| 902 | |a https://opac.biblio.iteso.mx/vufind/Record/000183893 | ||